| 000 | 00773aam a2200289 4500 | ||
|---|---|---|---|
| 005 | 20260323145238.0 | ||
| 008 | 150714b2004 xxu||||| |||| 00| 0 spa d | ||
| 020 | _a9700752518 | ||
| 041 | _aESP | ||
| 082 | _a364.3 M317ps10 | ||
| 100 |
_aMarchiori, Hilda _95011 |
||
| 245 | _aPsicología criminal | ||
| 250 | _a10 edición | ||
| 260 | _aMéxico | ||
| 260 | _bPorrúa | ||
| 260 | _c2004 | ||
| 300 | _a305 páginas | ||
| 490 | _aInvestigación Criminal | ||
| 650 | _aPSICOLOGÍA CRIMINAL | ||
| 650 | _aPERSONALIDAD DEL DELINCUENTE | ||
| 650 | _aPSICOPATOLOGÍA CRIMINAL | ||
| 650 | _aPSICOTERAPIA DE GRUPO | ||
| 650 | _aPSICOANÁLISIS CRIMINAL | ||
| 650 | _aANTROPOLOGIA CRIMINAL | ||
| 650 | _aCONDUCTA DE LA DESVIACIÓN SOCIAL | ||
| 942 |
_cBK _2ddc |
||
| 999 |
_c1709 _d1709 |
||